Random Cities - Statistics

General Stats
  • This quiz has been taken 21 times
    11 since last reset
  • The average score is 87 of 154
Answer Stats
Hint Answer % Correct
China Beijing
100%
Brazil Brasilia
100%
Argentina Buenos Aires
100%
Australia Canberra
100%
India Delhi
100%
Cuba Havana
100%
Indonesia Jakarta
100%
Mexico Mexico City
100%
France Paris
100%
Ecuador Quito
100%
Brazil Rio de Janeiro
100%
Australia Sydney
100%
Iran Tehran
100%
Australia Adelaide
88%
Turkey Ankara
88%
Spain Barcelona
88%
Colombia Bogota
88%
Venezuela Caracas
88%
China Guangzhou
88%
Turkey Istanbul
88%
Ukraine Kiev
88%
India Kolkata
88%
Nigeria Lagos
88%
Peru Lima
88%
United Kingdom London
88%
Spain Madrid
88%
United Kingdom Manchester
88%
Australia Melbourne
88%
Russia Moscow
88%
India Mumbai
88%
Italy Naples
88%
Australia Perth
88%
Saudi Arabia Riyadh
88%
Brazil Sao Paulo
88%
India Bangalore
75%
Brazil Belo Horizonte
75%
United Kingdom Birmingham
75%
Australia Brisbane
75%
Colombia Cali
75%
South Africa Cape Town
75%
India Chennai / Madras
75%
Syria Damascus
75%
Australia Darwin
75%
China Hong Kong
75%
United Kingdom Liverpool
75%
France Lyon
75%
Brazil Manaus
75%
France Marseille
75%
Colombia Medellin
75%
Dominican Republic Santo Domingo
75%
China Shanghai
75%
Russia St Petersburg
75%
China Xi'an
75%
Ivory Coast Abidjan
63%
India Ahmedabad
63%
Syria Aleppo
63%
Brazil Belem
63%
Brazil Curitiba
63%
South Africa Durban
63%
Brazil Fortaleza
63%
United Kingdom Glasgow
63%
Mexico Guadalajara
63%
India Hyderabad
63%
India Jaipur
63%
South Africa Johannesburg
63%
Saudi Arabia Mecca
63%
Mexico Monterrey
63%
China Nanjing
63%
Brazil Porto Alegre
63%
South Africa Pretoria
63%
Brazil Recife
63%
Argentina Rosario
63%
Brazil Salvador
63%
Spain Seville
63%
Honduras Tegucigalpa
63%
China Tianjin
63%
Mexico Tijuana
63%
Indonesia Bandung
50%
India Bhopal
50%
China Changchun
50%
China Changsha
50%
China Chengdu
50%
China Chongqing
50%
Mexico Ciudad Juarez
50%
Argentina Cordoba
50%
China Dalian
50%
Ecuador Guayaquil
50%
China Hangzhou
50%
China Harbin
50%
Nigeria Ibadan
50%
Turkey Izmir
50%
Saudi Arabia Jeddah
50%
Nigeria Kano
50%
China Kunming
50%
India Lucknow
50%
Iran Mashhad
50%
Russia Novosibirsk
50%
Ukraine Odessa
50%
South Africa Port Elizabeth
50%
China Shenyang
50%
China Shenzhen
50%
Indonesia Surabaya
50%
India Surat
50%
China Urumqi
50%
China Wuhan
50%
China Xiamen
50%
Russia Yekaterinburg
50%
Colombia Barranquilla
38%
Nigeria Benin City
38%
Turkey Bursa
38%
United Kingdom Cardiff
38%
Mexico Chihuahua
38%
Ukraine Dnipro
38%
China Dongguan
38%
China Foshan
38%
Australia Hobart
38%
China Jinan
38%
Venezuela Maracaibo
38%
Venezuela Maracay
38%
Indonesia Medan
38%
China Qingdao
38%
China Zhengzhou
38%
Peru Arequipa
25%
Indonesia Bekasi
25%
United Kingdom Belfast
25%
South Africa Bloemfontein
25%
Ukraine Kharkiv
25%
China Lanzhou
25%
Mexico Merida
25%
Mexico Mexicali
25%
China Nanchang
25%
Spain Pamplona
25%
India Patna
25%
Nigeria Port Harcourt
25%
Mexico Puebla
25%
Philippines Quezon City
25%
Mexico San Luis Potosi
25%
Honduras San Pedro Sula
25%
Mexico Torreon
25%
Mexico Acapulco
13%
Mexico Aguascalientes
13%
Australia Alice Springs
13%
Venezuela Barquisimeto
13%
Mexico Culiacan
13%
Mexico Hermosillo
13%
Cuba Santiago de Cuba
13%
Dominican Republic Santiago de Los Caballeros
13%
South Africa Soweto
13%
Mexico Veracruz
13%
China Lhasa
0%
China Taiyun
0%
India Trivandrum
0%
Spain Valencia de Spain
0%
Venezuela Valencia de Venezuela
0%
No matching quizzes found
Score Distribution
Percent of People with Each Score
Percentile by Number Answered
Your Score History
You have not taken this quiz since the last reset